000 00850nam a2200241Ia 4500
003 OSt
005 20221005105354.0
006 a|||||r|||| 00| 0
007 ta
008 221004b |||||||| |||| 00| 0 hin d
024 _a30601
037 _cTextual
040 _aCRL
_cCRL
_bhin
041 _2hin
_ahin
082 _aV251'J26, 152L8.2
100 _aहबीब, मोहम्मद, संपा.
245 0 _aदिल्ली सुल्तनत 1206-1526
246 _aDillī sultanat 1206-1526
260 _aनई दिल्ली
_bदि मैकमिलन कंपनी ऑफ इंडिया लिमिटेड भारत
_c1978
490 _vभाग -1
942 _hV251'J26, 152L8.2
_cTEXL
_2cc
999 _c1015631
_d1015631